[Event "CZE-ch Betsys Online Blitz"]
[Site "Chess.com INT"]
[Date "2021.04.17"]
[Round "12"]
[White "Novacek, Pavel1111"]
[Black "Zak, Daniel"]
[Result "0-1"]
[WhiteElo "1981"]
[BlackElo "1375"]
[PlyCount "184"]
[EventDate "2021.04.17"]
[EventType "swiss (blitz)"]
[EventRounds "13"]
[EventCountry "CZE"]
[SourceTitle "CBM 201 Extra"]
[Source "ChessBase"]
[SourceDate "2021.05.31"]
[SourceVersion "1"]
[SourceVersionDate "2021.05.31"]
[SourceQuality "1"]

1. e4 e6 2. d4 b6 3. Nc3 Bb7 4. f3 f5 5. exf5 Nh6 6. fxe6 Nf5 7. exd7+ Nxd7 8. g3 Be7 9. Bg2 0-0 10. Nge2 Bd6 11. 0-0 Qf6 12. Bf4 Bxf4 13. Nxf4 Nxd4 14. Nce2 Nxe2+ 15. Nxe2 Nc5 16. Nc3 Rad8 17. Qe1 Qd4+ 18. Qf2 Qb4 19. Rab1 Rd7 20. a3 Qd4 21. Qxd4 Rxd4 22. Rbd1 Rfd8 23. Rxd4 Rxd4 24. Rf2 Kf7 25. h4 h5 26. Kh2 g6 27. f4 Bxg2 28. Kxg2 Ne4 29. Nxe4 Rxe4 30. Kf3 Rd4 31. Ke3 Rd6 32. Rd2 Re6+ 33. Kf3 Kf6 34. c3 Re1 35. Rd7 Rb1 36. Rxc7 Rxb2 37. Rxa7 Rb3 38. Ra6 Rxc3+ 39. Kf2 Rb3 40. a4 Kf5 41. a5 bxa5 42. Rxa5+ Kf6 43. Ra6+ Kf5 44. Ra5+ Kf6 45. Rg5 Ra3 46. Kg2 Ra2+ 47. Kh3 Ra3 48. Re5 Rb3 49. Re8 Kf7 50. Ra8 Kf6 51. Ra6+ Kf5 52. Rd6 Rc3 53. Rd8 Rb3 54. Rf8+ Ke6 55. Re8+ Kf7 56. Ra8 Kf6 57. Ra5 Rc3 58. Rg5 Rb3 59. Kh2 Rb2+ 60. Kh3 Rb3 61. Kg2 Rb2+ 62. Kf3 Rb4 63. g4 Rb3+ 64. Ke4 Rb4+ 65. Ke3 Rb3+ 66. Kf2 Rb2+ 67. Ke3 Rb3+ 68. Kd2 hxg4 69. Rxg4 Rh3 70. Ke2 Kf5 71. Rg5+ Kf6 72. Rg4 Kf5 73. Rg5+ Kxf4 74. Rxg6 Rxh4 75. Rf6+ Kg5 76. Rf8 Kg6 77. Ke3 Rh3+ 78. Ke4 Rh2 79. Ke5 Re2+ 80. Kd6 Rd2+ 81. Kc5 Rc2+ 82. Kb4 Rb2+ 83. Ka3 Rb7 84. Rc8 Kf6 85. Ka2 Ke5 86. Ka1 Kd6 87. Rc1 Kd5 88. Ka2 Kd4 89. Ka1 Kd3 90. Ka2 Ra7+ 91. Kb2 Rb7+ 92. Ka2 Ra7+ 0-1

[Event "CZE-ch Betsys Online Blitz"]
[Site "Chess.com INT"]
[Date "2021.04.17"]
[Round "6"]
[White "Zak, Daniel"]
[Black "Mudrak, Josef"]
[Result "0-1"]
[WhiteElo "1375"]
[BlackElo "2187"]
[PlyCount "60"]
[EventDate "2021.04.17"]
[EventType "swiss (blitz)"]
[EventRounds "13"]
[EventCountry "CZE"]
[SourceTitle "CBM 201 Extra"]
[Source "ChessBase"]
[SourceDate "2021.05.31"]
[SourceVersion "1"]
[SourceVersionDate "2021.05.31"]
[SourceQuality "1"]

1. d4 Nf6 2. Bg5 g6 3. Bxf6 exf6 4. e3 d5 5. g3 Be7 6. Bg2 c6 7. c4 dxc4 8. Nc3 Be6 9. Nge2 Qb6 10. Qd2 Na6 11. a3 Rd8 12. 0-0 0-0 13. Nf4 Qc7 14. Qe2 b5 15. Nxe6 fxe6 16. Qf3 Nb8 17. Bh3 f5 18. Kh1 a6 19. a4 b4 20. Na2 c5 21. dxc5 Qxc5 22. Rfc1 Bf6 23. Rab1 Nc6 24. Bg2 Na5 25. Qf4 Rd2 26. Bf3 Bxb2 27. Rd1 Rxd1+ 28. Rxd1 Bg7 29. Rc1 b3 30. Nc3 b2 0-1

[Event "Mlada Boleslav Region-ch U20"]
[Site "Mlada Boleslav"]
[Date "2013.06.23"]
[Round "6"]
[White "Kovarik, Vojtech"]
[Black "Zak, Daniel"]
[Result "1/2-1/2"]
[WhiteElo "1100"]
[BlackElo "1340"]
[PlyCount "86"]
[EventDate "2013.06.22"]
[EventType "swiss"]
[EventRounds "7"]
[EventCountry "CZE"]
[SourceTitle "EXT 2015"]
[Source "ChessBase"]
[SourceDate "2014.11.20"]
[SourceVersion "1"]
[SourceVersionDate "2014.11.20"]
[SourceQuality "1"]

1. e4 c6 2. Nc3 d5 3. exd5 cxd5 4. d4 Bf5 5. Bf4 Nf6 6. Nf3 e6 7. a3 h6 8. h3 a6 9. Bd3 Bxd3 10. Qxd3 Bd6 11. Bxd6 Qxd6 12. 0-0 0-0 13. Rfe1 Nc6 14. Ne5 Nd7 15. f4 Ndxe5 16. fxe5 Qc7 17. Na4 a5 18. c3 Qd7 19. Qb5 Nxe5 20. Qxd7 Nxd7 21. Nc5 Nxc5 22. dxc5 Rfc8 23. b4 Kf8 24. Rad1 axb4 25. axb4 Ra3 26. Re3 Rca8 27. Rf1 Ra1 28. Ree1 Rxe1 29. Rxe1 Ke8 30. Kf2 Ra2+ 31. Re2 Rxe2+ 32. Kxe2 Kd7 33. Ke3 Kc6 34. Kd4 f6 35. c4 dxc4 36. Kxc4 g5 37. g4 f5 38. b5+ Kc7 39. gxf5 exf5 40. Kd5 f4 41. Ke4 Kd7 42. Kf3 h5 43. Ke4 Kc7 1/2-1/2

[Event "Mlada Boleslav Region-ch U20"]
[Site "Mlada Boleslav"]
[Date "2013.06.22"]
[Round "1"]
[White "Zak, Daniel"]
[Black "Rosenbaumova, Lea"]
[Result "1-0"]
[WhiteElo "1340"]
[BlackElo "1250"]
[PlyCount "67"]
[EventDate "2013.06.22"]
[EventType "swiss"]
[EventRounds "7"]
[EventCountry "CZE"]
[SourceTitle "EXT 2015"]
[Source "ChessBase"]
[SourceDate "2014.11.20"]
[SourceVersion "1"]
[SourceVersionDate "2014.11.20"]
[SourceQuality "1"]

1. e4 e6 2. Nf3 d5 3. exd5 exd5 4. d4 Nc6 5. Nc3 Nf6 6. Bd3 Bd6 7. 0-0 0-0 8. h3 Bd7 9. Bg5 h6 10. Bxf6 Qxf6 11. Be2 Be6 12. a3 Qg6 13. Bd3 Qf6 14. Be2 Rfe8 15. Re1 Bf5 16. Nxd5 Qg6 17. Bd3 Rxe1+ 18. Qxe1 Bxd3 19. cxd3 Qxd3 20. Qd1 Qf5 21. Ne3 Qf6 22. d5 Ne5 23. Rb1 Nxf3+ 24. Qxf3 Qg6 25. Qd1 Re8 26. Rc1 Re5 27. Ng4 Re4 28. Rc3 Be5 29. Nxe5 Rxe5 30. Rxc7 Qd6 31. Rc8+ Kh7 32. Qc2+ g6 33. Qc3 Rxd5 34. Qh8# 1-0

[Event "SVK-chT1W 0304"]
[Site "Slovakia"]
[Date "2003.??.??"]
[Round "3"]
[White "Zak, Daniel"]
[Black "Mandak, Miroslav"]
[Result "1/2-1/2"]
[WhiteElo "1715"]
[BlackElo "2080"]
[PlyCount "90"]
[EventDate "2003.10.??"]
[EventType "team"]
[EventRounds "9"]
[EventCountry "SVK"]
[SourceTitle "EXT 2007"]
[Source "ChessBase"]
[SourceDate "2006.11.23"]
[SourceVersion "1"]
[SourceVersionDate "2006.11.23"]
[SourceQuality "1"]

1. e4 d6 2. Nf3 Nf6 3. Nc3 g6 4. h3 Bg7 5. Bc4 0-0 6. d3 c6 7. 0-0 b5 8. Bb3 Nbd7 9. a3 Nc5 10. Ba2 a5 11. e5 Ne8 12. d4 Na6 13. Re1 Nac7 14. d5 b4 15. Na4 Nxd5 16. Bxd5 cxd5 17. Qxd5 Rb8 18. exd6 Nxd6 19. Nc5 Bf5 20. Bg5 Nc8 21. Qxd8 Rxd8 22. axb4 axb4 23. Bxe7 Nxe7 24. Rxe7 Bf8 25. Rc7 Bd6 26. Rc6 Bxc2 27. Nd4 b3 28. Nf3 Rbc8 29. Nb7 Rxc6 30. Nxd8 Rc8 31. Nb7 Bf4 32. g3 Bc7 33. Kg2 Rb8 34. Nc5 Bd8 35. Nd2 Be7 36. Nde4 f5 37. Ra7 fxe4 38. Rxe7 Rc8 39. Re5 Kf7 40. Nxe4 Bxe4+ 41. Rxe4 Rc2 42. Rb4 Rxb2 43. Rb6 Rb1 44. Kf3 b2 45. h4 h6 1/2-1/2

[Event "SVK-chT2W 0102"]
[Site "Slovakia"]
[Date "2002.03.16"]
[Round "10.5"]
[White "Mosny, Jaroslav"]
[Black "Zak, Daniel"]
[Result "1/2-1/2"]
[WhiteElo "2060"]
[BlackElo "1727"]
[PlyCount "56"]
[EventDate "2001.10.??"]
[EventType "team"]
[EventRounds "11"]
[EventCountry "SVK"]
[SourceTitle "EXT 2006"]
[Source "ChessBase"]
[SourceDate "2005.11.24"]
[SourceVersion "1"]
[SourceVersionDate "2005.11.24"]
[SourceQuality "1"]

1. d4 g6 2. c4 Bg7 3. Nc3 Nf6 4. e4 d6 5. g3 0-0 6. Bg2 e5 7. Nf3 Bg4 8. d5 Nbd7 9. h3 Bxf3 10. Bxf3 a5 11. 0-0 Nc5 12. Bg5 h6 13. Be3 Nfd7 14. Bg2 f5 15. f4 exf4 16. Bxf4 g5 17. Be3 Qe7 18. Bd4 fxe4 19. Rxf8+ Rxf8 20. Bxg7 Qxg7 21. Qe2 Ne5 22. Nxe4 Nxe4 23. Qxe4 b6 24. Rf1 Rxf1+ 25. Bxf1 Qf6 26. Be2 Kg7 27. b3 Qf7 28. Kg2 Qf6 1/2-1/2

[Event "SVK-chT2W 0102"]
[Site "Slovakia"]
[Date "2001.12.16"]
[Round "6.8"]
[White "Zisek, Jaroslav"]
[Black "Zak, Daniel"]
[Result "1/2-1/2"]
[WhiteElo "1687"]
[BlackElo "1727"]
[PlyCount "143"]
[EventDate "2001.10.??"]
[EventType "team"]
[EventRounds "11"]
[EventCountry "SVK"]
[SourceTitle "EXT 2006"]
[Source "ChessBase"]
[SourceDate "2005.11.24"]
[SourceVersion "1"]
[SourceVersionDate "2005.11.24"]
[SourceQuality "1"]

1. c4 Nf6 2. Nc3 g6 3. e4 d6 4. d4 Bg7 5. f3 0-0 6. Be3 Nbd7 7. Qd2 c5 8. d5 Ne5 9. g4 a6 10. 0-0-0 Rb8 11. Bh6 Qa5 12. h4 b5 13. Bxg7 Kxg7 14. h5 b4 15. hxg6 fxg6 16. Nb1 Qxa2 17. Qh6+ Kg8 18. Be2 Nxc4 19. Bxc4 Qxc4+ 20. Kd2 Bxg4 21. fxg4 Qxe4 22. Rh4 Qxd5+ 23. Kc1 Qc4+ 24. Kd2 Qf7 25. Rf1 Qg7 26. Qxg7+ Kxg7 27. Nf3 h6 28. Ke2 g5 29. Rh3 Nxg4 30. Rg1 Nf6 31. Nbd2 Nd5 32. Rhg3 Nf4+ 33. Ke3 d5 34. Ne5 Rbd8 35. Ndf3 d4+ 36. Ke4 Ne6 37. Nc6 Rd7 38. Nfe5 Rf4+ 39. Kd3 Rc7 40. Kc4 Rf2 41. b3 Rc2+ 42. Kd5 Nf4+ 43. Ke4 Re2+ 44. Kf3 Re3+ 45. Kg4 Rxg3+ 46. Rxg3 Ng6 47. Kf5 Nxe5 48. Nxe5 a5 49. Nc4 Ra7 50. Nb6 Ra6 51. Nd7 a4 52. bxa4 Rxa4 53. Ke5 Ra3 54. Rg1 Rc3 55. Kd5 b3 56. Nxc5 b2 57. Rb1 Rc2 58. Kxd4 g4 59. Nd3 Kg6 60. Nxb2 Re2 61. Nc4 Kg5 62. Ne3 h5 63. Kd3 Ra2 64. Rb5+ Kh4 65. Re5 g3 66. Nf5+ Kg4 67. Nxg3 Ra3+ 68. Ke2 Rxg3 69. Rxe7 Kh3 70. Kf2 h4 71. Re4 Rg2+ 72. Kf1 1/2-1/2